000 00526nam a2200205Ia 4500
005 20240927085020.0
008 240331s9999 xx 000 0 und d
020 _a9789555078009
082 _bSUM
_a808
100 _aSumathy,S
245 0 _aLike myth and mother :
_ba political outobiography in poetry and prose
260 _aPeradeniya
_bUniversity of Peradeniya
_c2008
300 _a132 p .,
650 _aFeminist
650 _apolitics
650 _apoetry
650 _ahistory
650 _alanguage
942 _cL
999 _c4418
_d4418